[Event "RUS-ch Higher League (Women) 69th"]
[Site "Yaroslavl"]
[Date "2019.07.04"]
[Round "7"]
[White "Nosacheva, Mariya"]
[Black "Yakushina, Ekaterina"]
[Result "1-0"]
[WhiteElo "2150"]
[BlackElo "1783"]
[PlyCount "53"]
[EventDate "2019.06.27"]
[EventType "swiss"]
[EventRounds "9"]
[EventCountry "RUS"]
[SourceTitle "CBM 191 Extra"]
[Source "ChessBase"]
[SourceDate "2019.09.30"]
[SourceVersion "1"]
[SourceVersionDate "2019.09.30"]
[SourceQuality "1"]

1. e4 e6 2. d4 d5 3. Nc3 Bb4 4. exd5 exd5 5. Bd3 Nc6 6. a3 Ba5 7. Be3 Nf6 8. h3 0-0 9. Nge2 Ne7 10. Ng3 c6 11. 0-0 Bc7 12. Bg5 Ng6 13. Qf3 Qd6 14. Bxf6 gxf6 15. Nce2 b6 16. Rfe1 Bb7 17. Nh5 Qh2+ 18. Kf1 Qh1+ 19. Ng1 Bh2 20. Ke2 Rfe8+ 21. Kd2 Rxe1 22. Rxe1 Nh4 23. Qg4+ Ng6 24. Ne2 Bf4+ 25. Nexf4 Qh2 26. Nxg6 hxg6 27. Bxg6 1-0

[Event "RUS-ch Higher League (Women) 68th"]
[Site "Yaroslavl"]
[Date "2018.07.03"]
[Round "7"]
[White "Shafigullina, Zarina"]
[Black "Yakushina, Ekaterina"]
[Result "1-0"]
[WhiteElo "2191"]
[BlackElo "1886"]
[PlyCount "157"]
[EventDate "2018.06.26"]
[EventType "swiss"]
[EventRounds "9"]
[EventCountry "RUS"]
[SourceTitle "CBM 185 Extra"]
[Source "ChessBase"]
[SourceDate "2018.07.29"]
[SourceVersion "1"]
[SourceVersionDate "2018.07.29"]
[SourceQuality "1"]

1. Nf3 Nf6 2. g3 g6 3. Bg2 Bg7 4. d4 0-0 5. 0-0 d5 6. c4 dxc4 7. Na3 c3 8. bxc3 c5 9. Ne5 Nc6 10. Nac4 Be6 11. Nxc6 bxc6 12. Ne5 Bd5 13. Nxc6 Qc7 14. Ne5 Bxg2 15. Kxg2 Nd5 16. Qb3 cxd4 17. cxd4 Nc3 18. Re1 Rab8 19. Qc2 Bxe5 20. dxe5 Rbc8 21. Bf4 Rfd8 22. Kg1 g5 23. Bxg5 Qxe5 24. Bf4 Qe6 25. Qb2 Rc4 26. Rac1 Rdc8 27. Ra1 Nd5 28. Bg5 Rc2 29. Qb7 R8c7 30. Qa8+ Kg7 31. Rad1 Nb6 32. Qf3 Rxa2 33. Rd3 Ra5 34. Bd2 Rac5 35. h4 Qf5 36. Qe3 Qg6 37. Bc3+ f6 38. Bd4 R5c6 39. Qf3 e5 40. h5 Qf7 41. Qg4+ Kf8 42. Bxb6 Rxb6 43. Rd8+ Ke7 44. Red1 Rbb7 45. h6 a5 46. Qg7 Ke6 47. R8d6+ Ke7 48. Rxf6 Qxg7 49. hxg7 Rc8 50. Rdd6 Rg8 51. Rde6+ Kd7 52. Rxe5 Rxg7 53. Rxa5 Re7 54. e3 Rb1+ 55. Kg2 Rb2 56. Ra7+ Ke8 57. Rxe7+ Kxe7 58. Rh6 Kf7 59. Rxh7+ Kg6 60. Rd7 Rc2 61. Kf3 Ra2 62. g4 Rb2 63. Kg3 Rb3 64. Rd6+ Kf7 65. Kf4 Rb4+ 66. e4 Rb2 67. f3 Rb3 68. g5 Ra3 69. Kg4 Ra4 70. Kf5 Ra5+ 71. e5 Ra3 72. f4 Ra4 73. g6+ Kg7 74. Rd7+ Kf8 75. Kg5 Ra1 76. Kf6 Ra6+ 77. e6 Ra8 78. e7+ Ke8 79. Rd8+ 1-0

[Event "RUS-ch Higher League (Women) 68th"]
[Site "Yaroslavl"]
[Date "2018.06.30"]
[Round "5"]
[White "Lingur, Zalina"]
[Black "Yakushina, Ekaterina"]
[Result "1/2-1/2"]
[WhiteElo "2101"]
[BlackElo "1886"]
[PlyCount "89"]
[EventDate "2018.06.26"]
[EventType "swiss"]
[EventRounds "9"]
[EventCountry "RUS"]
[SourceTitle "CBM 185 Extra"]
[Source "ChessBase"]
[SourceDate "2018.07.29"]
[SourceVersion "1"]
[SourceVersionDate "2018.07.29"]
[SourceQuality "1"]

1. e4 e6 2. Qe2 c5 3. g3 Nc6 4. Nf3 g6 5. Bg2 Bg7 6. c3 Nge7 7. d3 d6 8. Nbd2 0-0 9. 0-0 e5 10. Rd1 f5 11. Nb3 h6 12. d4 cxd4 13. cxd4 fxe4 14. Nfd2 d5 15. dxe5 Qb6 16. Nf1 Nxe5 17. Be3 Qf6 18. Qb5 a6 19. Qb6 Bg4 20. Qxf6 Bxf6 21. Rdc1 Rfc8 22. Bd4 N7c6 23. Bc3 Bg7 24. Ne3 Be6 25. Rd1 Nd3 26. Bxg7 Kxg7 27. Rd2 Rd8 28. Rad1 Rac8 29. f3 exf3 30. Rxd3 fxg2 31. Nc5 Bf7 32. Nxb7 Rd7 33. Nc5 Rd6 34. Nb7 Rd7 35. Nc5 Rd6 36. Nxa6 Ne5 37. Ra3 Ra8 38. Nc5 Rxa3 39. bxa3 d4 40. Nxg2 Bxa2 41. Nf4 Rc6 42. Ncd3 Nxd3 43. Rxd3 Ra6 44. Kf2 Bb1 45. Rb3 1/2-1/2

[Event "RUS-ch Higher League (Women) 68th"]
[Site "Yaroslavl"]
[Date "2018.06.29"]
[Round "4"]
[White "Yakushina, Ekaterina"]
[Black "Ustich, Ekaterina"]
[Result "1/2-1/2"]
[WhiteElo "1886"]
[BlackElo "2028"]
[PlyCount "251"]
[EventDate "2018.06.26"]
[EventType "swiss"]
[EventRounds "9"]
[EventCountry "RUS"]
[SourceTitle "CBM 185 Extra"]
[Source "ChessBase"]
[SourceDate "2018.07.29"]
[SourceVersion "1"]
[SourceVersionDate "2018.07.29"]
[SourceQuality "1"]

1. d4 Nf6 2. c4 e6 3. g3 d5 4. Nf3 dxc4 5. Bg2 Be7 6. 0-0 0-0 7. Qc2 c5 8. Qxc4 Nc6 9. dxc5 Qa5 10. a3 Qxc5 11. Qxc5 Bxc5 12. b4 Bb6 13. Bb2 Rd8 14. Nbd2 e5 15. Nc4 Bd4 16. Nxd4 exd4 17. Rfd1 Bg4 18. Bxc6 bxc6 19. f3 Be6 20. Ne5 d3 21. Rxd3 Rxd3 22. Nxd3 Bc4 23. Kf2 Nd7 24. Bd4 a5 25. Nb2 Be6 26. Rc1 axb4 27. axb4 Ra6 28. Nd3 h6 29. Ra1 Rxa1 30. Bxa1 g6 31. e4 Kf8 32. g4 Bc4 33. Nf4 c5 34. bxc5 Nxc5 35. Ke3 Nd7 36. h4 Bb3 37. Bb2 Nb6 38. Bc3 Bd1 39. Kf2 Na4 40. Bd4 Ke7 41. Bg7 g5 42. Nd5+ Ke6 43. h5 Nc5 44. Bxh6 Nxe4+ 45. fxe4 Bxg4 46. Bxg5 Bxh5 47. Ke3 Bd1 48. Nf4+ Kd7 49. Bf6 Bc2 50. e5 Bb3 51. Kf3 Bc4 52. Kg4 Bb3 53. Kg5 Bc4 54. Kh6 Bb3 55. Kg7 Ke8 56. Nd3 Bc4 57. Nc5 Bd5 58. Kg8 Bc6 59. Nb3 Bb7 60. Nd4 Bd5 61. Nf5 Bb3 62. Nd6+ Kd7 63. Kg7 Ba2 64. Nxf7 Bb3 65. Nd6 Bd5 66. Kg6 Ba2 67. Kf5 Be6+ 68. Ke4 Ba2 69. Kd4 Bg8 70. Ne4 Ba2 71. Nc5+ Ke8 72. Ke4 Kf7 73. Kf5 Bc4 74. e6+ Bxe6+ 75. Nxe6 Ke8 76. Nc5 Kf7 77. Kg5 Ke8 78. Kg6 Kf8 79. Bg5 Ke8 80. Bf6 Kf8 81. Kf5 Kf7 82. Ne4 Ke8 83. Ke6 Kf8 84. Ng5 Ke8 85. Bg7 Kd8 86. Kd6 Kc8 87. Bd4 Kb7 88. Ne6 Ka6 89. Kc5 Kb7 90. Kb5 Kb8 91. Kc6 Kc8 92. Bf6 Kb8 93. Nf4 Kc8 94. Nd5 Kb8 95. Kb6 Kc8 96. Ne7+ Kd7 97. Kc5 Ke6 98. Bh4 Ke5 99. Ng6+ Kf5 100. Ne7+ Ke5 101. Bf2 Ke6 102. Nd5 Ke5 103. Be3 Kf5 104. Kd6 Ke4 105. Bg1 Kf5 106. Nc3 Kf6 107. Bh2 Kf5 108. Be5 Kg4 109. Ke6 Kg5 110. Ne4+ Kg4 111. Kf6 Kf3 112. Kf5 Ke3 113. Nc5 Kf3 114. Bd4 Ke2 115. Ke4 Kd2 116. Kf3 Kd1 117. Ke3 Ke1 118. Ne4 Kd1 119. Kd3 Ke1 120. Ng3 Kd1 121. Bc3 Kc1 122. Ne2+ Kd1 123. Nd4 Kc1 124. Bb4 Kb2 125. Kd2 Kb1 126. Nb5 1/2-1/2